000 00330nam a2200133Ia 4500
008 231129s9999||||xx |||||||||||||| ||spa||
020 _a958-9018-17-3
040 _bspa
082 _a923.137 N142s
100 _aSaint-Ibars Latour
245 0 _aNeron
264 _aCinco
942 _2ddc
_cBKS
999 _c21649
_d21649